000 00473nam a2200229Ia 4500
003 IT-RoPAU
008 120407s9999 xx 000 0 und d
040 _aIT-RoPAU
040 _cIT-RoPAU
041 _aita
100 _aErich Fromm
245 _aL’arte di amare. 21a ed.
250 _aMilano
260 _aIl Saggiatore
260 _c1981
300 _a167 p.
300 _c18 cm
490 _aI Gabbiani
490 _v186
942 _cBK
999 _c26899
_d26899